[Event "Titled Tuesday intern op 04th Feb Early"]
[Site "Chess.com INT"]
[Date "2025.02.04"]
[Round "3"]
[White "Perez Ponsa, Federico"]
[Black "Manukian, Artak"]
[Result "1-0"]
[WhiteElo "2528"]
[BlackElo "2104"]
[PlyCount "107"]
[EventDate "2025.02.04"]
[EventType "swiss (blitz)"]
[EventRounds "11"]
[EventCountry "USA"]
[SourceTitle "CB07_2025"]
[SourceDate "2025.02.12"]
[SourceVersion "1"]
[SourceVersionDate "2025.02.12"]
[SourceQuality "1"]

1. e4 c6 2. d4 d5 3. e5 Bf5 4. h4 h5 5. Bd3 Bxd3 6. Qxd3 Qa5+ 7. Nd2 Qa6 8. e6 Qxd3 9. exf7+ Kxf7 10. cxd3 Nd7 11. Ndf3 e6 12. Ng5+ Ke7 13. N1h3 Nh6 14. Nf4 Rg8 15. Nfxe6 Nf6 16. Bd2 Kd7 17. 0-0-0 Bd6 18. Rde1 Nf5 19. Nc5+ Bxc5 20. dxc5 Rae8 21. Bf4 Rxe1+ 22. Rxe1 Nxh4 23. g3 Nf5 24. Nf3 Ng4 25. Ne5+ Nxe5 26. Bxe5 Re8 27. Kd2 g6 28. d4 b6 29. cxb6 axb6 30. a4 c5 31. dxc5 bxc5 32. b3 Kc6 33. Bf6 Rxe1 34. Kxe1 c4 35. bxc4 dxc4 36. Kd2 Nd6 37. f3 Nf5 38. g4 hxg4 39. fxg4 Nd6 40. Bd4 Kd5 41. Ke3 Nb7 42. Bc3 Nd6 43. a5 Kc5 44. Kf4 Nb5 45. Bd2 c3 46. Be3+ Kc6 47. Kg5 c2 48. Kxg6 Nd4 49. Kf6 Nf3 50. Kf5 Kb5 51. Kf4 Nh4 52. Kg5 Ng2 53. Bc1 Ne1 54. Kf6 1-0

[Event "Titled Tuesday intern op 28th Jan Early"]
[Site "Chess.com INT"]
[Date "2025.01.28"]
[Round "10"]
[White "Manukian, Artak"]
[Black "Myagmarsuren, Evsuld"]
[Result "1-0"]
[WhiteElo "2104"]
[BlackElo "2248"]
[PlyCount "49"]
[EventDate "2025.01.28"]
[EventType "swiss (blitz)"]
[EventRounds "11"]
[EventCountry "USA"]
[SourceTitle "CB06_2025"]
[SourceDate "2025.02.05"]
[SourceVersion "1"]
[SourceVersionDate "2025.02.05"]
[SourceQuality "1"]

1. e4 c5 2. Nf3 e6 3. c3 Nf6 4. e5 Nd5 5. d4 cxd4 6. cxd4 Nc6 7. Nc3 d6 8. Bd3 Be7 9. 0-0 a6 10. Qe2 b5 11. Be4 Bb7 12. Nxd5 exd5 13. Bxd5 Nxd4 14. Nxd4 Bxd5 15. Nf5 0-0 16. Rd1 Bc4 17. Qg4 g6 18. Nxd6 Bxd6 19. exd6 Re8 20. d7 Re6 21. Bg5 f6 22. b3 fxg5 23. bxc4 Re7 24. c5 Qc7 25. Rac1 1-0

[Event "Titled Tuesday intern op 28th Jan Early"]
[Site "Chess.com INT"]
[Date "2025.01.28"]
[Round "2"]
[White "Manukian, Artak"]
[Black "Santos Latasa, Jaime"]
[Result "0-1"]
[WhiteElo "2104"]
[BlackElo "2632"]
[PlyCount "78"]
[EventDate "2025.01.28"]
[EventType "swiss (blitz)"]
[EventRounds "11"]
[EventCountry "USA"]
[SourceTitle "CB06_2025"]
[SourceDate "2025.02.05"]
[SourceVersion "1"]
[SourceVersionDate "2025.02.05"]
[SourceQuality "1"]

1. e4 c5 2. Nf3 Nc6 3. c3 Nf6 4. e5 Nd5 5. d4 cxd4 6. cxd4 d6 7. Nc3 Nxc3 8. bxc3 dxe5 9. d5 Nb8 10. Nxe5 Qc7 11. Bb5+ Nd7 12. Qd4 a6 13. Bxd7+ Bxd7 14. 0-0 e6 15. Nxd7 Qxd7 16. dxe6 fxe6 17. Qg4 0-0-0 18. Bf4 Bc5 19. Rfe1 Rhf8 20. Bg3 Rf5 21. Rad1 Qf7 22. Rxd8+ Kxd8 23. Qe2 Rd5 24. h4 e5 25. Rd1 e4 26. Rxd5+ Qxd5 27. Qg4 g6 28. Qg5+ Qxg5 29. hxg5 Kd7 30. Kf1 Ke6 31. Bf4 Kf5 32. Bd2 Be7 33. Ke2 Bxg5 34. Bxg5 Kxg5 35. Ke3 Kf5 36. Kd4 h5 37. Kc5 h4 38. Kb6 g5 39. c4 Ke5 0-1

[Event "Titled Tuesday intern op 14th Jan Early"]
[Site "Chess.com INT"]
[Date "2025.01.14"]
[Round "1"]
[White "Gokerkan, Cem Kaan"]
[Black "Manukian, Artak"]
[Result "1/2-1/2"]
[WhiteElo "2473"]
[BlackElo "2104"]
[PlyCount "110"]
[EventDate "2025.01.14"]
[EventType "swiss (blitz)"]
[EventRounds "11"]
[EventCountry "USA"]
[SourceTitle "CB04_2025"]
[SourceDate "2025.01.22"]
[SourceVersion "1"]
[SourceVersionDate "2025.01.22"]
[SourceQuality "1"]

1. e4 c6 2. d4 d5 3. e5 Bf5 4. h4 h5 5. c4 e6 6. Nc3 Nd7 7. cxd5 cxd5 8. Bd3 Bxd3 9. Qxd3 Be7 10. Nf3 Nh6 11. Bxh6 Rxh6 12. g3 a6 13. 0-0-0 Rc8 14. Kb1 Qa5 15. Rc1 Nb6 16. b3 Bb4 17. Ne2 Ba3 18. Rxc8+ Nxc8 19. Qc3 Qxc3 20. Nxc3 b5 21. Ne2 Ne7 22. Kc2 Nc6 23. Nf4 Nb4+ 24. Kb1 Rh8 25. Re1 g6 26. Re3 Nc6 27. Rc3 Kd7 28. Nd3 Rc8 29. Kc2 Be7 30. Kd2 Nb4 31. Rxc8 Kxc8 32. Nxb4 Bxb4+ 33. Kd3 Be7 34. Ne1 Kc7 35. Ng2 Kb6 36. f3 Kc7 37. g4 hxg4 38. fxg4 Kd7 39. h5 gxh5 40. gxh5 Ke8 41. Ne3 Kf8 42. a4 Kg7 43. axb5 axb5 44. Ng4 b4 45. Ke3 Bg5+ 46. Kf3 Kh7 47. Nf2 Kh6 48. Nd3 Bd2 49. Ke2 Bc3 50. Ke3 Kxh5 51. Nc5 Kg6 52. Nd7 Bb2 53. Nc5 Bc3 54. Nd7 Bb2 55. Nc5 Bc3 1/2-1/2